| 000 | 00317nam a22001337a 4500 | ||
|---|---|---|---|
| 020 | _qHB. | ||
| 040 | _cFIZZA ISHAQ | ||
| 082 |
_a690.8047 _bJER |
||
| 100 |
_aYUDELSON,JERRY. _990191 |
||
| 245 |
_aGREENING EXISTING BUILDING / _cJERRY YUDELSON. |
||
| 260 |
_aLONDON ; _c2020. |
||
| 300 | _a308 P. ; | ||
| 942 |
_2ddc _cBK |
||
| 999 |
_c588554 _d588554 |
||